[Event "Olimpiada Dresden 2008 Femenina"]
[Site "Dresden GER"]
[Date "2008.11.17"]
[Round "5.7"]
[White "Fierro Baquero, Martha L"]
[Black "Peng, Zhaoqin"]
[Result "1/2-1/2"]
[WhiteElo "2361"]
[BlackElo "2455"]
[PlyCount "174"]
[EventDate "2008.11.13"]
[EventType "team-tourn"]
[EventRounds "11"]
[EventCountry "GER"]
[Source "lmi"]
[SourceDate "2008.11.13"]
[WhiteTeam "Ecuador"]
[BlackTeam "Holanda"]
[WhiteTeamCountry "ECU"]
[BlackTeamCountry "NED"]

1. e4 Nf6 2. e5 Nd5 3. d4 d6 4. c4 Nb6 5. exd6 exd6 6. Nc3 Be7 7. Bd3 O-O 8. h3
Re8 9. Nge2 Nc6 10. O-O Bg5 11. b3 Bxc1 12. Rxc1 Qg5 13. Ne4 Qh4 14. N4g3 g6
15. d5 Nd4 16. Nc3 Bd7 17. Be4 Qf6 18. Qd3 Re7 19. Rfd1 Nf5 20. Bxf5 Bxf5 21.
Nxf5 gxf5 22. Re1 Rae8 23. Kf1 Nd7 24. Rxe7 Rxe7 25. Re1 Rxe1+ 26. Kxe1 Nc5 27.
Qf3 Kf8 28. Kd2 f4 29. g3 Qd4+ 30. Kc2 fxg3 31. Qxg3 a6 32. Qe3 Qf6 33. b4 Qf5+
34. Kd2 Nd7 35. f4 Nb6 36. Qd4 Qxh3 37. c5 Qg2+ 38. Kd3 Qg3+ 39. Kc2 Nd7 40. c6
bxc6 41. dxc6 Qg2+ 42. Kb3 Nb8 43. Nd5 Nxc6 44. Qh8+ Qg8 45. Qc3 Ne7 46. Nxe7
Kxe7 47. Qxc7+ Ke6 48. Qc4+ Kf5 49. Qxa6 f6+ 50. Ka3 h5 51. Qd3+ Kxf4 52. Qxd6+
Kf5 53. Qc5+ Ke4 54. Qxh5 f5 55. Qe2+ Kd4 56. Qd2+ Ke4 57. Qc2+ Ke5 58. Qc5+
Ke4 59. Qc6+ Kd4 60. b5 f4 61. b6 Qf8+ 62. Ka4 f3 63. b7 f2 64. Qb6+ Ke4 65.
Qb1+ Kd4 66. Qb2+ Ke4 67. b8=Q Qxb8 68. Qxb8 f1=Q 69. Qb4+ Ke3 70. Qc5+ Ke4 71.
Ka5 Qf7 72. a4 Kd3 73. Kb6 Kd2 74. a5 Qb3+ 75. Kc6 Qa4+ 76. Kc7 Ke2 77. Kb6 Ke1
78. Qc3+ Kd1 79. a6 Qd7 80. a7 Qd8+ 81. Qc7 Qd4+ 82. Kb7 Qb4+ 83. Kc8 Qe4 84.
Qd6+ Ke1 85. Kc7 Qe8 86. Qb4+ Kf1 87. Qb1+ Kf2 1/2-1/2

[Event "Olimpiada Dresden 2008 Femenina"]
[Site "Dresden GER"]
[Date "2008.11.17"]
[Round "5.7"]
[White "Schuurman, Petra"]
[Black "Vasquez Ramirez, Rocio"]
[Result "1-0"]
[WhiteElo "2324"]
[BlackElo "2284"]
[PlyCount "94"]
[EventDate "2008.11.13"]
[EventType "team-tourn"]
[EventRounds "11"]
[EventCountry "GER"]
[Source "lmi"]
[SourceDate "2008.11.13"]
[WhiteTeam "Holanda"]
[BlackTeam "Ecuador"]
[WhiteTeamCountry "NED"]
[BlackTeamCountry "ECU"]

1. e4 c5 2. Nc3 a6 3. g3 b5 4. Bg2 Bb7 5. Nge2 e6 6. O-O Nf6 7. d3 d5 8. exd5
Nxd5 9. Nxd5 Bxd5 10. Bxd5 Qxd5 11. Nf4 Qc6 12. Re1 Nd7 13. b3 Be7 14. Bb2 O-O
15. a4 Bf6 16. Bxf6 Nxf6 17. Nh5 Nd7 18. Qg4 g6 19. axb5 axb5 20. Rxa8 Rxa8 21.
Qg5 b4 22. Nf6+ Nxf6 23. Qxf6 Ra2 24. Rc1 Qd5 25. h4 h5 26. Qf4 Kg7 27. Qe4 Qf5
28. Kg2 Qf6 29. Qe3 Qc3 30. Qe2 Kf8 31. Kf1 Ke7 32. Qd1 Kf8 33. Qe2 Kg8 34. Qd1
Qb2 35. Qe1 Qd4 36. Qe4 Qc3 37. Qe2 Kg7 38. Kg2 Rb2 39. Qd1 Qe5 40. Rb1 Ra2 41.
Rc1 Qd4 42. Qe2 Qd5+ 43. Qe4 Qf5 44. Qe3 Kf6 45. Qe2 Qe5 46. Qf3+ Kg7 47. Qe4
Qc3 1-0

[Event "Olimpiada Dresden 2008 Femenina"]
[Site "Dresden GER"]
[Date "2008.11.17"]
[Round "5.7"]
[White "Moncayo Romero, Evelyn"]
[Black "Bensdorp, Marlies"]
[Result "0-1"]
[WhiteElo "2142"]
[BlackElo "2303"]
[PlyCount "107"]
[EventDate "2008.11.13"]
[EventType "team-tourn"]
[EventRounds "11"]
[EventCountry "GER"]
[Source "lmi"]
[SourceDate "2008.11.13"]
[WhiteTeam "Ecuador"]
[BlackTeam "Holanda"]
[WhiteTeamCountry "ECU"]
[BlackTeamCountry "NED"]

1. c4 Nf6 2. Nc3 g6 3. g3 Bg7 4. Bg2 O-O 5. d4 d6 6. Nf3 Nbd7 7. O-O e5 8. e4
c6 9. h3 Qb6 10. Re1 exd4 11. Nxd4 Ne8 12. Nb3 a5 13. Be3 Qb4 14. Nd4 a4 15. a3
Qa5 16. Qc2 Nc5 17. Rad1 Ne6 18. f4 Nxd4 19. Bxd4 Be6 20. Bxg7 Nxg7 21. Qf2
Bxc4 22. Rxd6 Qa7 23. Qxa7 Rxa7 24. Kf2 Ne6 25. Ke3 Bb3 26. f5 Rd8 27. Rxd8+
Nxd8 28. Re2 f6 29. e5 gxf5 30. Rd2 Ne6 31. exf6 Nf8 32. g4 Ra5 33. Rd8 Be6 34.
Rb8 Kf7 35. g5 f4+ 36. Kxf4 Rf5+ 37. Ke3 Rxg5 38. Rxb7+ Kg6 39. Bxc6 Rg3+ 40.
Kf4 Rxh3 41. Be8+ Kh6 42. Bxa4 Ng6+ 43. Ke4 Rh4+ 44. Ke3 Ne5 45. Bb5 Kg5 46. a4
Ng4+ 47. Kd4 Nxf6+ 48. Ke5 Bf5 49. a5 Rh2 50. Rg7+ Bg6 51. a6 Rd2 52. a7 Rd8
53. Bc6 Nh5 54. Rd7 0-1

[Event "Olimpiada Dresden 2008 Femenina"]
[Site "Dresden GER"]
[Date "2008.11.17"]
[Round "5.7"]
[White "Schut, Lisa"]
[Black "Heredia Serrano, Carla"]
[Result "1/2-1/2"]
[WhiteElo "2153"]
[BlackElo "2105"]
[PlyCount "124"]
[EventDate "2008.11.13"]
[EventType "team-tourn"]
[EventRounds "11"]
[EventCountry "GER"]
[Source "lmi"]
[SourceDate "2008.11.13"]
[WhiteTeam "Holanda"]
[BlackTeam "Ecuador"]
[WhiteTeamCountry "NED"]
[BlackTeamCountry "ECU"]

1. d4 e6 2. Nf3 Nf6 3. e3 c5 4. Bd3 b6 5. b3 Bb7 6. O-O Nc6 7. a3 g6 8. Bb2 Bg7
9. c4 O-O 10. Nbd2 cxd4 11. Nxd4 Nxd4 12. exd4 d5 13. c5 Nd7 14. cxb6 Qxb6 15.
Nf3 a5 16. Rb1 Ba6 17. b4 axb4 18. Bc1 Bxd3 19. Qxd3 Rfb8 20. axb4 Qb5 21. Qc3
Rc8 22. Qb2 Nb6 23. Bf4 Na4 24. Qd2 Nc3 25. Rb2 Ne4 26. Qe3 Rc4 27. Bh6 Rxb4
28. Rxb4 Qxb4 29. h4 Qa3 30. Qf4 Qd6 31. Qc1 Qe7 32. g3 Qf6 33. Kg2 Bxh6 34.
Qxh6 Qg7 35. Qf4 h6 36. Rb1 g5 37. hxg5 hxg5 38. Qg4 Qf6 39. Rb2 Kg7 40. Ne5
Rh8 41. Qf3 Qxf3+ 42. Kxf3 Nd6 43. Rb6 Nf5 44. Rb7 Nxd4+ 45. Kg4 Rf8 46. Kxg5
Nf5 47. Rd7 Nh6 48. f4 Ng8 49. Ng4 Re8 50. f5 exf5 51. Kxf5 Re4 52. Nf2 Ne7+
53. Kg5 Re2 54. Nd3 Re3 55. Nf4 Rxg3+ 56. Kh4 Nf5+ 57. Kh5 d4 58. Ne2 Rg2 59.
Nxd4 Ne3 60. Re7 Nd5 61. Nf5+ Kf6 62. Kh4 Nxe7 1/2-1/2

[Event "Olimpiada Dresden 2008 Femenina"]
[Site "Dresden GER"]
[Date "2008.11.17"]
[Round "5.8"]
[White "Ordaz Valdes, Lisandra"]
[Black "Muminova, Nafisa"]
[Result "1-0"]
[WhiteElo "2306"]
[BlackElo "2240"]
[PlyCount "94"]
[EventDate "2008.11.13"]
[EventType "team-tourn"]
[EventRounds "11"]
[EventCountry "GER"]
[Source "lmi"]
[SourceDate "2008.11.13"]
[WhiteTeam "Cuba"]
[BlackTeam "Uzbekistán"]
[WhiteTeamCountry "CUB"]
[BlackTeamCountry "UZB"]

1. Nf3 d5 2. d4 Nf6 3. c4 c6 4. Nc3 dxc4 5. a4 e6 6. e3 c5 7. Bxc4 cxd4 8. exd4
Be7 9. O-O O-O 10. Qe2 Nc6 11. Rd1 Nd5 12. Bd2 Ncb4 13. Rac1 b6 14. Nxd5 exd5
15. Bb3 Ba6 16. Qe3 Nd3 17. Rb1 Re8 18. Ne5 Bc5 19. f4 f6 20. dxc5 fxe5 21. Bc3
Kh8 22. Bxe5 d4 23. Qxd4 Qxd4+ 24. Bxd4 bxc5 25. Bc3 Rab8 26. Bd5 Nxf4 27. Bf3
Bd3 28. Ra1 c4 29. Re1 Ne2+ 30. Bxe2 Bxe2 31. a5 a6 32. Kf2 Bd3 33. Rxe8+ Rxe8
34. Ra4 Rb8 35. Ke3 Kg8 36. Kd4 Rb5 37. Ra1 Kf7 38. Re1 g6 39. Re3 h5 40. g3 g5
41. Re1 g4 42. b4 Rf5 43. Bd2 Rf2 44. Bg5 Re2 45. Rxe2 Bxe2 46. b5 axb5 47. a6
Ke6 1-0

[Event "Olimpiada Dresden 2008 Femenina"]
[Site "Dresden GER"]
[Date "2008.11.17"]
[Round "5.8"]
[White "Sabirova, O."]
[Black "Pina Vega, Sulennis"]
[Result "1-0"]
[WhiteElo "2185"]
[BlackElo "2286"]
[PlyCount "77"]
[EventDate "2008.11.13"]
[EventType "team-tourn"]
[EventRounds "11"]
[EventCountry "GER"]
[Source "lmi"]
[SourceDate "2008.11.13"]
[WhiteTeam "Uzbekistán"]
[BlackTeam "Cuba"]
[WhiteTeamCountry "UZB"]
[BlackTeamCountry "CUB"]

1. d4 d5 2. c4 c6 3. Nf3 Nf6 4. e3 Bf5 5. Nc3 e6 6. Nh4 Bg6 7. Qb3 Qc7 8. Nxg6
hxg6 9. Bd2 Nbd7 10. h3 Be7 11. Be2 Rd8 12. cxd5 Nxd5 13. Rc1 N7f6 14. Bf3 Qb6
15. Qc4 O-O 16. Na4 Qc7 17. Nc5 Nd7 18. Nxd7 Rxd7 19. O-O Rfd8 20. Rfd1 e5 21.
dxe5 Qxe5 22. Qb3 Bd6 23. g3 Be7 24. e4 Nc7 25. Be3 Ne6 26. Rxd7 Rxd7 27. Bg4
Qxe4 28. Bxa7 Bf6 29. Bxe6 fxe6 30. Be3 Rd3 31. Qb6 Kh7 32. b3 Be5 33. Kh2 g5
34. Qc5 Rd5 35. Qe7 Bd4 36. Rc4 b5 37. Bxd4 Rxd4 38. Qe8 bxc4 39. Qh5+ 1-0

[Event "Olimpiada Dresden 2008 Femenina"]
[Site "Dresden GER"]
[Date "2008.11.17"]
[Round "5.8"]
[White "Tokhirjanova, Hulkar"]
[Black "Marrero Lopez, Yaniet"]
[Result "1-0"]
[WhiteElo "2106"]
[BlackElo "2260"]
[PlyCount "67"]
[EventDate "2008.11.13"]
[EventType "team-tourn"]
[EventRounds "11"]
[EventCountry "GER"]
[Source "lmi"]
[SourceDate "2008.11.13"]
[WhiteTeam "Uzbekistán"]
[BlackTeam "Cuba"]
[WhiteTeamCountry "UZB"]
[BlackTeamCountry "CUB"]

1. c4 e5 2. Nc3 Nf6 3. Nf3 Nc6 4. e4 Bb4 5. d3 d6 6. g3 Bg4 7. h3 Bxf3 8. Qxf3
Nd4 9. Qd1 c6 10. Bg2 a6 11. O-O Bc5 12. Rb1 b5 13. b4 Bb6 14. a4 O-O 15. Kh2
a5 16. axb5 axb4 17. Ne2 cxb5 18. cxb5 Nxe2 19. Qxe2 Ra4 20. Bg5 Bd4 21. Qd1
Ra2 22. Rxb4 Rxf2 23. Rxf2 Bxf2 24. Qf3 Bb6 25. h4 h6 26. Bxf6 Qxf6 27. Qxf6
gxf6 28. Ra4 Rc8 29. Ra6 Bc5 30. Bh3 Rc7 31. b6 Rb7 32. Bc8 Rxb6 33. Rxb6 Bxb6
34. Bf5 1-0

[Event "Olimpiada Dresden 2008 Femenina"]
[Site "Dresden GER"]
[Date "2008.11.17"]
[Round "5.9"]
[White "Jackova, Jana"]
[Black "Moser, Eva"]
[Result "0-1"]
[WhiteElo "2360"]
[BlackElo "2376"]
[PlyCount "89"]
[EventDate "2008.11.13"]
[EventType "team-tourn"]
[EventRounds "11"]
[EventCountry "GER"]
[Source "lmi"]
[SourceDate "2008.11.13"]
[WhiteTeam "Chequia"]
[BlackTeam "Austria"]
[WhiteTeamCountry "CZE"]
[BlackTeamCountry "AUT"]

1. d4 d5 2. c4 dxc4 3. e4 e5 4. Nf3 exd4 5. Bxc4 Bb4+ 6. Nbd2 Nc6 7. O-O Nf6 8.
e5 Nd5 9. a3 Be7 10. Qb3 Na5 11. Qa4+ Nc6 12. Nxd4 Nb6 13. Nxc6 Nxa4 14. Nxd8
Bxd8 15. Ne4 Be7 16. f4 Nb6 17. Bb3 Bf5 18. Re1 Rd8 19. Ng3 Be6 20. Bxe6 fxe6
21. Be3 Rd3 22. Bxb6 axb6 23. Ne4 O-O 24. g3 Rfd8 25. Rac1 c6 26. Re2 Kf7 27.
Kg2 b5 28. Rf1 R8d4 29. Rf3 b4 30. Rxd3 Rxd3 31. axb4 Rb3 32. g4 Rxb4 33. f5 h5
34. h3 hxg4 35. hxg4 exf5 36. gxf5 Rb3 37. Ng3 Bg5 38. f6 Kg6 39. Nf5 Bxf6 40.
exf6 Kxf6 41. Nd6 Rb4 42. Kg3 g5 43. Ne4+ Kf5 44. Nd6+ Kf6 45. Ne4+ 0-1

[Event "Olimpiada Dresden 2008 Femenina"]
[Site "Dresden GER"]
[Date "2008.11.17"]
[Round "5.9"]
[White "Richtrova, Eliska"]
[Black "Novkovic, Julia"]
[Result "0-1"]
[WhiteElo "2270"]
[BlackElo "2161"]
[PlyCount "61"]
[EventDate "2008.11.13"]
[EventType "team-tourn"]
[EventRounds "11"]
[EventCountry "GER"]
[Source "lmi"]
[SourceDate "2008.11.13"]
[WhiteTeam "Chequia"]
[BlackTeam "Austria"]
[WhiteTeamCountry "CZE"]
[BlackTeamCountry "AUT"]

1. d4 Nf6 2. c4 e6 3. Nf3 Bb4+ 4. Bd2 c5 5. e3 b6 6. Be2 Bb7 7. O-O O-O 8. a3
Bxd2 9. Qxd2 cxd4 10. Nxd4 Nc6 11. Nc3 d5 12. Nxc6 Bxc6 13. Rfd1 dxc4 14. Qxd8
Rfxd8 15. Bxc4 Kf8 16. f3 Ke7 17. Kf2 Rac8 18. Rxd8 Rxd8 19. Rd1 Rxd1 20. Nxd1
Nd7 21. Nc3 Ne5 22. Be2 f5 23. f4 Nf7 24. Bf3 Bxf3 25. Kxf3 Nd6 26. b3 h6 27.
Ke2 Kf6 28. Kd3 e5 29. Nd5+ Ke6 30. Nc7+ Kd7 31. Nd5 0-1

[Event "Olimpiada Dresden 2008 Femenina"]
[Site "Dresden GER"]
[Date "2008.11.17"]
[Round "5.9"]
[White "Mira, Helene"]
[Black "Pertlova, Sona"]
[Result "1-0"]
[WhiteElo "2115"]
[BlackElo "2239"]
[PlyCount "131"]
[EventDate "2008.11.13"]
[EventType "team-tourn"]
[EventRounds "11"]
[EventCountry "GER"]
[Source "lmi"]
[SourceDate "2008.11.13"]
[WhiteTeam "Austria"]
[BlackTeam "Chequia"]
[WhiteTeamCountry "AUT"]
[BlackTeamCountry "CZE"]

1. d4 Nf6 2. c4 e6 3. Nc3 Bb4 4. Qc2 c5 5. dxc5 O-O 6. a3 Bxc5 7. Nf3 b6 8. Bf4
Bb7 9. Rd1 Nc6 10. e3 a6 11. Be2 Rc8 12. O-O Be7 13. e4 Na5 14. Nd2 d6 15. b4
Nc6 16. Nf3 Qc7 17. Rd2 Ne5 18. Nxe5 dxe5 19. Be3 a5 20. Qb1 axb4 21. axb4 Ra8
22. f3 Bc6 23. Qb3 Ra7 24. Ra2 Rfa8 25. Rfa1 Rxa2 26. Rxa2 Rxa2 27. Nxa2 Qa7
28. Qb2 Nd7 29. Nc3 h6 30. g3 Qa8 31. Bd3 Qf8 32. Na2 f5 33. Kg2 fxe4 34. Bxe4
Bxe4 35. fxe4 Qa8 36. Nc3 Qc6 37. Qb3 Kf7 38. Kf3 Nf6 39. c5 bxc5 40. bxc5 Nd7
41. Na4 Qa6 42. Qd1 Nf6 43. Nb6 Qb5 44. Qc1 Qd3 45. Qc4 Qd1+ 46. Kg2 Nxe4 47.
c6 Nd6 48. Qf1+ Qxf1+ 49. Kxf1 Bd8 50. Bc5 Ne4 51. Nd7 Nxc5 52. Nxc5 Ke7 53.
Ke2 Bb6 54. Ne4 Kd8 55. Nd6 Kc7 56. Ne8+ Kxc6 57. Nxg7 Kd5 58. h4 e4 59. Nh5
Ke5 60. Kf1 Bd4 61. g4 Be3 62. Ke2 Bc1 63. Kd1 Bb2 64. Kd2 Bd4 65. Ke2 Bc3 66.
Ke3 1-0

[Event "Olimpiada Dresden 2008 Femenina"]
[Site "Dresden GER"]
[Date "2008.11.17"]
[Round "5.10"]
[White "Hagarova, Zuzana"]
[Black "Zhukova, Natalia"]
[Result "1/2-1/2"]
[WhiteElo "2430"]
[BlackElo "2488"]
[PlyCount "63"]
[EventDate "2008.11.13"]
[EventType "team-tourn"]
[EventRounds "11"]
[EventCountry "GER"]
[Source "lmi"]
[SourceDate "2008.11.13"]
[WhiteTeam "Eslovaquia"]
[BlackTeam "Ucrania"]
[WhiteTeamCountry "SVK"]
[BlackTeamCountry "UKR"]

1. d4 Nf6 2. c4 e6 3. Nf3 d5 4. g3 dxc4 5. Bg2 c5 6. O-O Nc6 7. Qa4 Bd7 8. Qxc4
cxd4 9. Nxd4 Rc8 10. Nc3 Nxd4 11. Qxd4 Bc5 12. Qh4 O-O 13. Bxb7 Rb8 14. Bf3 Rb4
15. Qg5 Bd4 16. Qd2 Qc7 17. Rd1 Rfb8 18. Qd3 Qc5 19. e3 Be5 20. Ne4 Nxe4 21.
Qxd7 Nf6 22. Qc6 Qxc6 23. Bxc6 Bxb2 24. Rb1 g5 25. Bd2 R4b6 26. Bf3 g4 27. Be2
Be5 28. Bd3 Nd5 29. Ba5 Rxb1 30. Rxb1 Rxb1+ 31. Bxb1 Nc3 32. Bxc3 1/2-1/2

[Event "Olimpiada Dresden 2008 Femenina"]
[Site "Dresden GER"]
[Date "2008.11.17"]
[Round "5.10"]
[White "Ushenina, Anna"]
[Black "Pokorna, Regina"]
[Result "1-0"]
[WhiteElo "2496"]
[BlackElo "2376"]
[PlyCount "112"]
[EventDate "2008.11.13"]
[EventType "team-tourn"]
[EventRounds "11"]
[EventCountry "GER"]
[Source "lmi"]
[SourceDate "2008.11.13"]
[WhiteTeam "Ucrania"]
[BlackTeam "Eslovaquia"]
[WhiteTeamCountry "UKR"]
[BlackTeamCountry "SVK"]

1. e4 e5 2. Nf3 Nc6 3. Bb5 a6 4. Ba4 Nf6 5. O-O Be7 6. Re1 b5 7. Bb3 d6 8. c3
O-O 9. h3 Nb8 10. d4 Nbd7 11. Nbd2 Bb7 12. Bc2 Re8 13. Nf1 Bf8 14. Ng3 g6 15.
b3 c5 16. d5 Nb6 17. a4 bxa4 18. bxa4 a5 19. Bd3 c4 20. Bc2 Qc7 21. Nh2 Nbd7
22. Qf3 Bg7 23. Bg5 Reb8 24. Ngf1 Bc8 25. g4 Ne8 26. Be3 Nc5 27. Ra2 Nf6 28.
Ng3 Nfd7 29. g5 Nd3 30. Rf1 N7c5 31. Ng4 Bxg4 32. Qxg4 Rb7 33. Rd1 Rab8 34. Nf1
Rb2 35. Rda1 Nf4 36. Bc1 Rxa2 37. Rxa2 Ncd3 38. Be3 Rb7 39. Kh2 h5 40. gxh6
Bxh6 41. Nd2 Kh7 42. Bd1 Rb8 43. Ra1 Rb2 44. Qh4 Kg7 45. Rb1 Qd7 46. Rxb2 Nxb2
47. Bc2 Nxa4 48. Nxc4 Nxc3 49. Nxa5 Qb5 50. Nb3 Qe2 51. Nd4 Qf1 52. Qg3 exd4
53. Bxd4+ Kh7 54. Bxc3 Ne2 55. Bd3 Bf4 56. Qxf4 Qg1# 1-0

[Event "Olimpiada Dresden 2008 Femenina"]
[Site "Dresden GER"]
[Date "2008.11.17"]
[Round "5.11"]
[White "Ciuksyte, Dagne"]
[Black "Daulyte, Deimante"]
[Result "1-0"]
[WhiteElo "2339"]
[BlackElo "2278"]
[PlyCount "61"]
[EventDate "2008.11.13"]
[EventType "team-tourn"]
[EventRounds "11"]
[EventCountry "GER"]
[Source "lmi"]
[SourceDate "2008.11.13"]
[WhiteTeam "Inglaterra"]
[BlackTeam "Lituania"]
[WhiteTeamCountry "ENG"]
[BlackTeamCountry "LTU"]

1. e4 c5 2. Nf3 e6 3. c3 Nf6 4. e5 Nd5 5. Bc4 d6 6. d4 cxd4 7. cxd4 Be7 8. O-O
O-O 9. Qe2 Nd7 10. Re1 dxe5 11. dxe5 Nc5 12. Rd1 Bd7 13. Bxd5 exd5 14. Nc3 Be6
15. b4 Na6 16. a3 Nc7 17. Bb2 Qd7 18. Qe3 Bg4 19. h3 Bxf3 20. Qxf3 Rfd8 21. Rd3
a5 22. b5 d4 23. a4 Ne6 24. Rad1 Bc5 25. Ne4 b6 26. Qg4 Qb7 27. Re1 Bf8 28. f4
Nc5 29. Nf6+ Kh8 30. Rg3 Qc8 31. Qh5 1-0

[Event "Olimpiada Dresden 2008 Femenina"]
[Site "Dresden GER"]
[Date "2008.11.17"]
[Round "5.11"]
[White "Limontaite, Simona"]
[Black "Lauterbach, Ingrid"]
[Result "0-1"]
[WhiteElo "2197"]
[BlackElo "2178"]
[PlyCount "109"]
[EventDate "2008.11.13"]
[EventType "team-tourn"]
[EventRounds "11"]
[EventCountry "GER"]
[Source "lmi"]
[SourceDate "2008.11.13"]
[WhiteTeam "Lituania"]
[BlackTeam "Inglaterra"]
[WhiteTeamCountry "LTU"]
[BlackTeamCountry "ENG"]

1. e4 e5 2. Nf3 Nc6 3. Bc4 Bc5 4. c3 Nf6 5. d3 d6 6. Bb3 a6 7. O-O O-O 8. h3 h6
9. Nbd2 Be6 10. Re1 Re8 11. Nf1 d5 12. exd5 Bxd5 13. Be3 Bf8 14. d4 exd4 15.
Nxd4 Na5 16. Bxd5 Nxd5 17. Qa4 c6 18. Bd2 b5 19. Qc2 c5 20. Rxe8 Qxe8 21. Re1
Qd7 22. Qf5 Rd8 23. Qxd7 Rxd7 24. Nf5 Nc4 25. Bc1 f6 26. g3 Ne5 27. Nh2 b4 28.
cxb4 Nxb4 29. Bf4 Nbd3 30. Re4 Nxf4 31. gxf4 Rd1+ 32. Nf1 Nd3 33. b3 Ra1 34.
Ra4 Nc1 35. Rxa6 Ne2+ 36. Kg2 Nxf4+ 37. Kf3 Nd3 38. N5g3 Nb4 39. Ra8 Rxa2 40.
Rxa2 Nxa2 41. Ke4 Nb4 42. h4 g6 43. h5 Kf7 44. hxg6+ Kxg6 45. f4 Na2 46. Nd2
Nc1 47. Kd5 h5 48. Nf3 Nxb3 49. Nh4+ Kf7 50. Nxh5 Nc1 51. f5 Na2 52. Ng6 Nb4+
53. Kc4 Bd6 54. Nh8+ Ke7 55. Ng6+ 0-1

[Event "Olimpiada Dresden 2008 Femenina"]
[Site "Dresden GER"]
[Date "2008.11.17"]
[Round "5.11"]
[White "Bhatia, Kanwal K"]
[Black "Ziogaite, Jovita"]
[Result "1-0"]
[WhiteElo "2065"]
[BlackElo "2093"]
[PlyCount "83"]
[EventDate "2008.11.13"]
[EventType "team-tourn"]
[EventRounds "11"]
[EventCountry "GER"]
[Source "lmi"]
[SourceDate "2008.11.13"]
[WhiteTeam "Inglaterra"]
[BlackTeam "Lituania"]
[WhiteTeamCountry "ENG"]
[BlackTeamCountry "LTU"]

1. e4 c5 2. Nf3 Nc6 3. d4 cxd4 4. Nxd4 Nf6 5. Nc3 e5 6. Ndb5 d6 7. Bg5 a6 8.
Na3 b5 9. Nd5 Be7 10. Bxf6 Bxf6 11. c4 b4 12. Nc2 a5 13. g3 O-O 14. Bg2 Bg5 15.
O-O Ne7 16. Nde3 Bxe3 17. Nxe3 Be6 18. Qd3 Qc7 19. Rad1 Rfd8 20. f4 f6 21. Kh1
Qc5 22. f5 Bf7 23. g4 Nc6 24. Rf3 b3 25. a3 Nd4 26. Rg3 Nc2 27. Nxc2 Bxc4 28.
Qd2 bxc2 29. Qxc2 Bf7 30. Rc3 Qb6 31. Rc6 Qb8 32. Rd3 Ra7 33. Qd2 Rad7 34. h4
Qb5 35. Rdc3 d5 36. R3c5 Qb3 37. Rc8 h6 38. exd5 Qg3 39. Qxa5 Rxc8 40. Rxc8+
Kh7 41. Qa8 Qxh4+ 42. Kg1 1-0

[Event "Olimpiada Dresden 2008 Femenina"]
[Site "Dresden GER"]
[Date "2008.11.17"]
[Round "5.12"]
[White "Krivec, Jana"]
[Black "Djingarova, Emilia"]
[Result "1/2-1/2"]
[WhiteElo "2345"]
[BlackElo "2352"]
[PlyCount "99"]
[EventDate "2008.11.13"]
[EventType "team-tourn"]
[EventRounds "11"]
[EventCountry "GER"]
[Source "lmi"]
[SourceDate "2008.11.13"]
[WhiteTeam "Eslovenia"]
[BlackTeam "Bulgaria"]
[WhiteTeamCountry "SLO"]
[BlackTeamCountry "BUL"]

1. d4 d5 2. c4 e6 3. Nf3 Nf6 4. Nc3 c6 5. Bg5 dxc4 6. e4 b5 7. e5 h6 8. Bh4 g5
9. Nxg5 hxg5 10. Bxg5 Nbd7 11. g3 Rg8 12. h4 Rxg5 13. hxg5 Nd5 14. g6 fxg6 15.
Qg4 Qe7 16. Bg2 Kd8 17. Bxd5 cxd5 18. Qxg6 Bg7 19. Nxb5 Nf8 20. Qg4 Rb8 21. Nd6
Rxb2 22. O-O Bh6 23. Qf3 Bd2 24. Rab1 Rb6 25. Rxb6 axb6 26. Qa3 Ba5 27. Kg2 Ng6
28. Rh1 Qg7 29. Qc1 Ne7 30. Rh8+ Kd7 31. Qh1 Qg4 32. Qh7 Qg6 33. Qh4 Bd2 34.
Nxc8 Nxc8 35. Qd8+ Kc6 36. Qxc8+ Kb5 37. Qe8+ Qxe8 38. Rxe8 Bc3 39. Rxe6 Bxd4
40. Re8 c3 41. e6 c2 42. Rc8 Bc5 43. e7 c1=Q 44. e8=Q+ Kb4 45. Qe2 d4 46. Rh8
Kc3 47. Rh1 Qc2 48. Qxc2+ Kxc2 49. f4 b5 50. Rh5 1/2-1/2

[Event "Olimpiada Dresden 2008 Femenina"]
[Site "Dresden GER"]
[Date "2008.11.17"]
[Round "5.13"]
[White "Goletiani, Rusudan"]
[Black "Bjerke, Silje"]
[Result "1/2-1/2"]
[WhiteElo "2359"]
[BlackElo "2204"]
[PlyCount "72"]
[EventDate "2008.11.13"]
[EventType "team-tourn"]
[EventRounds "11"]
[EventCountry "GER"]
[Source "lmi"]
[SourceDate "2008.11.13"]
[WhiteTeam "Estados Unidos"]
[BlackTeam "Noruega"]
[WhiteTeamCountry "USA"]
[BlackTeamCountry "NOR"]

1. e4 c5 2. Nf3 d6 3. d4 cxd4 4. Nxd4 Nf6 5. Nc3 Nc6 6. Bg5 e6 7. Qd2 a6 8.
O-O-O Bd7 9. Nxc6 Bxc6 10. Qe1 Qa5 11. f4 h6 12. Bh4 Rc8 13. Bd3 Be7 14. Rf1 g5
15. Bg3 Nh5 16. f5 Nxg3 17. hxg3 Bd7 18. Kb1 Rc5 19. Qf2 Kd8 20. f6 Bf8 21. Ne2
Rc8 22. Nc1 Qc5 23. Qe2 h5 24. Nb3 Qb6 25. c4 Kc7 26. Qd2 Kb8 27. Qxg5 Ba4 28.
Rf3 Bxb3 29. axb3 Bh6 30. Qxh5 Be3 31. Qxf7 Qxb3 32. Be2 Rxc4 33. Rxe3 Qc2+ 34.
Ka2 Rb4 35. Rb1 Rh1 36. Qc7+ Kxc7 1/2-1/2

[Event "Olimpiada Dresden 2008 Femenina"]
[Site "Dresden GER"]
[Date "2008.11.17"]
[Round "5.13"]
[White "Tjolsen, Katrine"]
[Black "Abrahamyan, Tatev"]
[Result "1/2-1/2"]
[WhiteElo "2110"]
[BlackElo "2286"]
[PlyCount "63"]
[EventDate "2008.11.13"]
[EventType "team-tourn"]
[EventRounds "11"]
[EventCountry "GER"]
[Source "lmi"]
[SourceDate "2008.11.13"]
[WhiteTeam "Noruega"]
[BlackTeam "Estados Unidos"]
[WhiteTeamCountry "NOR"]
[BlackTeamCountry "USA"]

1. e4 c5 2. c3 Nf6 3. e5 Nd5 4. d4 cxd4 5. Nf3 Nc6 6. cxd4 d6 7. Bc4 e6 8. O-O
Be7 9. Qe2 O-O 10. Nc3 dxe5 11. dxe5 Nxc3 12. bxc3 Qa5 13. Bd2 Rd8 14. Rfe1 Bd7
15. Bb3 Be8 16. Qe4 Rd7 17. Rac1 Qd8 18. Bc2 g6 19. Bh6 Rc8 20. Qf4 Na5 21. Ng5
Rc4 22. Ne4 Rd5 23. h4 Bxh4 24. Re3 Rd2 25. Rh3 Bxf2+ 26. Kh2 Rxe4 27. Bxe4 Nc4
28. Bg5 Qb6 29. Bf6 Be3 30. Qh4 h5 31. Qxh5 Rxg2+ 32. Bxg2 1/2-1/2

[Event "Olimpiada Dresden 2008 Femenina"]
[Site "Dresden GER"]
[Date "2008.11.17"]
[Round "5.14"]
[White "Sebag, Marie"]
[Black "Danielian, Elina"]
[Result "1-0"]
[WhiteElo "2533"]
[BlackElo "2513"]
[PlyCount "96"]
[EventDate "2008.11.13"]
[EventType "team-tourn"]
[EventRounds "11"]
[EventCountry "GER"]
[Source "lmi"]
[SourceDate "2008.11.13"]
[WhiteTeam "Francia"]
[BlackTeam "Armenia"]
[WhiteTeamCountry "FRA"]
[BlackTeamCountry "ARM"]

1. d4 e6 2. e4 d5 3. Nc3 dxe4 4. Nxe4 Nd7 5. Bd3 Ngf6 6. Qe2 Nxe4 7. Bxe4 Be7
8. Nf3 O-O 9. Bf4 Nf6 10. Bd3 c5 11. dxc5 Qa5+ 12. c3 Qxc5 13. O-O b6 14. Rad1
Bb7 15. Ne5 Rad8 16. Rfe1 Ba8 17. a3 Qc8 18. Qe3 Bc5 19. Qh3 Be4 20. b4 Bxd3
21. Rxd3 Rxd3 22. Qxd3 Rd8 23. Qf3 Be7 24. c4 Kf8 25. Nc6 Rd7 26. c5 bxc5 27.
bxc5 Bxc5 28. Rc1 Bd6 29. Nxa7 Qa6 30. Rc6 Qxa7 31. Bxd6+ Ke8 32. Rc8+ Rd8 33.
Qc6+ Nd7 34. h3 Qa5 35. Rc7 Qd5 36. Qxd5 exd5 37. Kf1 Ra8 38. Bb4 Kd8 39. Rc6
Nf6 40. g4 Ne4 41. Ke2 Kd7 42. Rc2 Ra6 43. h4 h5 44. f3 Nf6 45. g5 Ng8 46. Rd2
Ne7 47. Bxe7 Kxe7 48. Rxd5 Rxa3 1-0